000 00582nam a2200181 i 4500
001 40929
003 ES-MaACL
005 20251011063101.0
007 t|
008 030307s1980 sp ||||1| spa d
100 1 _aCarreras i Candi, Francesc,
_d1862-1937
_935674
245 1 0 _aGeografía general del Reino de Galicia /
_cdirigida por Francesc Carreras i Candau.
260 _aLa Coruña :
_bEdiciones Gallegas,
_c1980.
300 _a4 v. :
_bil. ;
_c25 cm.
651 4 _aGalicia-
_xGeografía.
_9157507
852 _aES-MaACL
_jP-426
_bR.101435
999 _c40929
_d40929